Lanchas en la Bahía

Zapisane w:
Opis bibliograficzny
1. autor: Rojas, Manuel (Autor)
Format: Książka
Język:hiszpański
Wydane: Santiago Zig-Zag 1993
Wydanie:24a. ed
Seria:Biblioteca de Obras escogidas Zig-Zag
Hasła przedmiotowe:
Etykiety: Dodaj etykietę
Nie ma etykietki, Dołącz pierwszą etykiete!

MARC

LEADER 00000nam a2200000 a 4500
001 UCH5502
003 CL-VaPUC
008 091014e19930000CL |||||||||||||||||spa|d
020 |a 9561206039 
082 0 4 |a Ch863  |b ROJ  |2 21 
100 0 |a Rojas, Manuel  |e author  |9 313776 
245 1 0 |a Lanchas en la Bahía 
250 |a 24a. ed 
300 |a 109 p 
942 |c BK 
945 |d 20091014 00:00:00  |a ccalabra 
260 |a Santiago  |b Zig-Zag  |c 1993 
650 0 |a Literatura  |9 259151 
650 0 |a Literatura chilena   |9 308278 
650 0 |a Novelas chilenas   |9 265425 
650 0 |a Escritores chilenos   |9 420370 
650 0 |a Ficción   |9 376687 
650 0 |a Lectura  |9 307634 
650 0 |a Educación  |9 258661 
651 7 |a CHILE  |2 CL-VaPUC  |9 541784 
583 |a last modification  |c 20091014 00:00:00  |k Rodrigo Vera 
490 0 |a Biblioteca de Obras escogidas Zig-Zag 
999 |c 336633  |d 336631